000
00304nam a2200121Ia 4500
008
220216s9999 xx 000 0 und d
245
0
_a
Natural rubber latex concentrate
260
_b
Planters Bulletin
_c
1972
300
_a
92-104
650
_a
Latex concentrate
650
_a
Natural rubber
942
_c
JS
999
_c
63562
_d
63562